[Event "10. Lovsprings EMT Basis 3 1998"]
[Site "Ringsted"]
[Date "1998.03.13"]
[Round "1"]
[White "Andersen, Jorgen"]
[Black "Abdi, Farhad"]
[Result "1-0"]
[WhiteElo "1057"]
[BlackElo "1006"]
[PlyCount "89"]
[EventDate "1998.??.??"]

1. e4 d6 2. Nf3 e6 3. d4 a6 4. Nc3 Be7 5. a3 h6 6. Bc4 c6 7. Be3 Qc7 8. O-O Nf6
9. e5 Ng4 10. Bf4 h5 11. h3 Nh6 12. Qd2 Nf5 13. Bd3 Qd8 14. Bxf5 exf5 15. Rfe1
Be6 16. Bg5 d5 17. b4 Nd7 18. Bxe7 Qxe7 19. Qg5 g6 20. Qxe7+ Kxe7 21. Ne2 Nf8
22. Ng5 Rg8 23. h4 Re8 24. Nf4 Rg7 25. Re3 Kd7 26. Rc1 Re7 27. Rg3 b6 28. Re1
Re8 29. Ree3 Ke7 30. Rc3 Rc8 31. a4 Bd7 32. Rge3 Ne6 33. Ngxe6 fxe6 34. Rg3 Be8
35. Rg5 Kf7 36. Rcg3 Ke7 37. Nxg6+ Kd7 38. Nf8+ Ke7 39. Rxg7+ Kxf8 40. Rg8+ Ke7
41. R3g7+ Kd8 42. Rg6 Kc7 43. R8g7+ Kb8 44. Rxe6 Bd7 45. Rxd7 1-0

[Event "10. Lovsprings EMT Basis 3 1998"]
[Site "Ringsted"]
[Date "1998.03.13"]
[Round "1"]
[White "Astrup, Knud"]
[Black "Vilsgaard, Lars"]
[Result "0-1"]
[WhiteElo "1243"]
[BlackElo "1136"]
[PlyCount "120"]
[EventDate "1998.??.??"]

1. f4 Nc6 2. Nf3 d5 3. e3 Nf6 4. Bb5 Bd7 5. O-O e6 6. b3 Bd6 7. Bb2 O-O 8. d3
a6 9. Bxc6 Bxc6 10. Nbd2 Bc5 11. Re1 h6 12. Ne5 Bd7 13. Nxd7 Nxd7 14. Nf3 Qe7
15. Kh1 Rfe8 16. Rc1 Rad8 17. Qe2 f6 18. c4 Nb6 19. Nd2 d4 20. exd4 Bxd4 21.
Bxd4 Rxd4 22. g3 Qd7 23. Rc3 Qc6+ 24. Kg1 Nd5 25. Rcc1 Nb4 26. Nf3 Rxd3 27.
Rcd1 Rxf3 28. Qd2 Qc5+ 29. Kg2 Rd3 30. Qe2 Rxd1 31. Rxd1 Nc6 32. Rd3 Nd8 33.
Qd2 Nf7 34. Qd1 Nd6 35. Qe2 Nf5 36. Qe4 Qc6 37. Qxc6 bxc6 38. b4 Nd6 39. c5 Nb7
40. Kf3 Rd8 41. Re3 Kf7 42. Re2 Rd4 43. a3 Rd3+ 44. Re3 Rxe3+ 45. Kxe3 Ke7 46.
Ke4 g6 47. a4 a5 48. bxa5 Nxc5+ 49. Kd4 Kd6 50. h4 Nb3+ 51. Kc4 Nxa5+ 52. Kb4
Nb7 53. Kc4 Nc5 54. a5 Na6 55. Kd4 c5+ 56. Kc4 Kc6 57. g4 e5 58. fxe5 fxe5 59.
Kd3 Kd5 60. Ke3 c4 0-1

[Event "10. Lovsprings EMT Basis 3 1998"]
[Site "Ringsted"]
[Date "1998.03.13"]
[Round "1"]
[White "Christensen, Michael"]
[Black "Christensen, Knud"]
[Result "1-0"]
[WhiteElo "1189"]
[BlackElo "1285"]
[PlyCount "55"]
[EventDate "1998.??.??"]

1. d4 d5 2. Nf3 e6 3. c4 dxc4 4. Qa4+ c6 5. Qxc4 Nd7 6. e3 Ngf6 7. Be2 Nb6 8.
Qc2 Bd6 9. O-O Qc7 10. g3 h5 11. b3 Bd7 12. Ba3 Ng4 13. Bxd6 Qxd6 14. Qc5 Qc7
15. Nc3 f5 16. Nb5 Qb8 17. Nd6+ Kf8 18. Nxf5+ Kg8 19. Ne7+ Kf7 20. Ng5+ Ke8 21.
Ng6 Qd8 22. Nxh8 Qe7 23. Qxe7+ Kxe7 24. Bxg4 hxg4 25. Nhf7 Nd5 26. Ne5 Nf6 27.
Nxd7 Kxd7 28. e4 1-0

[Event "10. Lovsprings EMT Basis 3 1998"]
[Site "Ringsted"]
[Date "1998.03.13"]
[Round "1"]
[White "Hansen, Steen J"]
[Black "Rytter, Morten"]
[Result "0-1"]
[WhiteElo "1288"]
[BlackElo "1267"]
[PlyCount "96"]
[EventDate "1998.??.??"]

1. e4 c5 2. Nf3 d6 3. d4 cxd4 4. Nxd4 Nf6 5. Nc3 Nc6 6. Bb5 Bd7 7. h3 a6 8.
Bxc6 Bxc6 9. Qd3 e6 10. Be3 d5 11. Nxc6 bxc6 12. exd5 cxd5 13. Bd4 Be7 14. O-O
O-O 15. Na4 Nd7 16. Rfe1 Bf6 17. f4 Bxd4+ 18. Qxd4 Qc7 19. b3 Qxc2 20. Rec1 Qe4
21. Qxe4 dxe4 22. Rc7 Nf6 23. Kf2 Nd5 24. Rc4 Nxf4 25. Rxe4 Nd5 26. Rc1 Rfc8
27. Rcc4 Kf8 28. Rh4 h6 29. Nc5 Ke7 30. Nd3 Nb6 31. Rc5 Rxc5 32. Nxc5 Nd7 33.
Nd3 Rc8 34. Rc4 Rxc4 35. bxc4 Kd6 36. Ke3 Nc5 37. Nb4 a5 38. Nd3 Nxd3 39. Kxd3
Kc5 40. a3 a4 41. g4 g5 42. Kc3 f5 43. gxf5 exf5 44. Kd3 h5 45. Kc3 h4 46. Kd3
g4 47. hxg4 fxg4 48. Ke2 Kxc4 0-1

[Event "10. Lovsprings EMT Basis 3 1998"]
[Site "Ringsted"]
[Date "1998.03.13"]
[Round "1"]
[White "Karie, Abdullahi M"]
[Black "Hein, Jacob"]
[Result "0-1"]
[WhiteElo "1093"]
[BlackElo "1285"]
[PlyCount "60"]
[EventDate "1998.??.??"]

1. c4 Nf6 2. Nc3 e6 3. d4 Bb4 4. Bd2 c5 5. e3 Nc6 6. a3 Bxc3 7. Bxc3 cxd4 8.
exd4 O-O 9. Nf3 Ne4 10. Qc2 f5 11. Bd3 Nxc3 12. Qxc3 Qf6 13. O-O b6 14. Ne5 Ne7
15. Rac1 d6 16. Nf3 Bb7 17. Be2 Rac8 18. Rfd1 Nd5 19. Qd2 Ne7 20. Qb4 Rfd8 21.
c5 dxc5 22. dxc5 Rxd1+ 23. Bxd1 Nd5 24. Qb3 Nf4 25. Rc4 Bd5 26. c6 Rxc6 27. Nd2
Qg5 28. Bf3 Nh3+ 29. Kf1 Qxd2 30. Bxd5 Qxf2# 0-1

[Event "10. Lovsprings EMT Basis 3 1998"]
[Site "Ringsted"]
[Date "1998.03.13"]
[Round "1"]
[White "Nielsen, Henrik"]
[Black "Nielsen, Henning"]
[Result "1/2-1/2"]
[WhiteElo "1166"]
[BlackElo "1100"]
[PlyCount "94"]
[EventDate "1998.??.??"]

1. e4 e5 2. Nf3 d6 3. c4 Nc6 4. Nc3 Nf6 5. h3 g6 6. d3 Bg7 7. Be2 a6 8. a3 Bd7
9. Be3 Qc8 10. Qd2 Na5 11. Bd1 c5 12. Nd5 Nxd5 13. cxd5 b6 14. b4 Nb7 15. Bb3
O-O 16. Rb1 Qe8 17. Qc2 Rc8 18. Qd1 Rc7 19. Nd2 b5 20. Rc1 Qb8 21. Rc2 cxb4 22.
axb4 Rxc2 23. Bxc2 Rc8 24. O-O Qc7 25. Bb3 a5 26. bxa5 Nxa5 27. Nb1 Nxb3 28.
Qxb3 Qb7 29. Na3 h5 30. Rb1 Rb8 31. Nc4 Qa6 32. Qa3 Qxa3 33. Nxa3 Bf6 34. Bd2
Be7 35. Kf1 Kf8 36. f3 Ke8 37. Ke2 f5 38. Rb2 f4 39. Nc2 Bd8 40. Bc3 Ke7 41. d4
Kf6 42. dxe5+ dxe5 43. Nb4 Rc8 44. Rb3 Ba5 45. Kd2 Rc4 46. Nd3 Bxc3+ 47. Rxc3
Ra4 1/2-1/2

[Event "10. Lovsprings EMT Basis 3 1998"]
[Site "Ringsted"]
[Date "1998.03.13"]
[Round "1"]
[White "Nielsen, Poul"]
[Black "Hansen, Arne Mandrup"]
[Result "0-1"]
[WhiteElo "1175"]
[BlackElo "1214"]
[PlyCount "106"]
[EventDate "1998.??.??"]

1. d4 Nf6 2. Bf4 g6 3. Nc3 d6 4. Qd2 Bg7 5. Bh6 O-O 6. h3 c5 7. d5 Qb6 8. b3
Bf5 9. Bxg7 Kxg7 10. f3 Na6 11. e4 Bd7 12. a3 Nc7 13. Bd3 Nce8 14. Nge2 e6 15.
Bc4 a6 16. Qg5 e5 17. h4 h6 18. Qg3 Nh5 19. Qh2 Nhf6 20. Rf1 Qa5 21. Kf2 b5 22.
Bd3 c4 23. bxc4 bxc4 24. Bxc4 Qc5+ 25. Ke1 Qxc4 26. Rb1 Qc7 27. f4 Rb8 28. fxe5
Rxb1+ 29. Nxb1 Nxe4 30. e6 fxe6 31. Rxf8 Kxf8 32. Qf4+ N4f6 33. Qxh6+ Kf7 34.
dxe6+ Bxe6 35. Nf4 Bf5 36. g4 Bxc2 37. Nd2 Qe7+ 38. Kf1 Nxg4 39. Qh7+ Ng7 40.
h5 Qf6 41. hxg6+ Bxg6 42. Qxg6+ Qxg6 43. Nxg6 Kxg6 44. Ne4 Ne8 45. Nc3 Kf6 46.
Ke2 Ke5 47. Kd3 d5 48. Na4 a5 49. Nc5 Nf2+ 50. Kc2 Nd6 51. Nb3 Nb7 52. Kc3 Ne4+
53. Kd3 Nbc5+ 0-1

[Event "10. Lovsprings EMT Basis 3 1998"]
[Site "Ringsted"]
[Date "1998.03.13"]
[Round "1"]
[White "Petersen, Jimmy"]
[Black "Dinesen, Henrik"]
[Result "1-0"]
[WhiteElo "1100"]
[BlackElo "1117"]
[PlyCount "27"]
[EventDate "1998.??.??"]

1. d4 Nf6 2. c4 d6 3. Nc3 Bf5 4. Nf3 Nbd7 5. Nh4 Bg4 6. h3 Bh5 7. Nf3 e5 8.
dxe5 Nxe5 9. Bf4 Nxc4 10. Qa4+ Qd7 11. Qxc4 a6 12. Nd5 Nxd5 13. Qxd5 f6 14.
Qxh5+ 1-0

[Event "10. Lovsprings EMT Basis 3 1998"]
[Site "Ringsted"]
[Date "1998.03.13"]
[Round "1"]
[White "Vintersfjord, Inette"]
[Black "Reinager, Gunnar"]
[Result "0-1"]
[WhiteElo "1042"]
[BlackElo "1283"]
[PlyCount "72"]
[EventDate "1998.??.??"]

1. e4 e5 2. Bc4 Nf6 3. Nc3 Nc6 4. Nf3 Be7 5. Ng5 Rf8 6. d3 h6 7. Nf3 d6 8. O-O
Bg4 9. Be3 Qd7 10. h3 Bxh3 11. Nh4 Be6 12. Bxe6 fxe6 13. Ng6 Rf7 14. d4 exd4
15. Bxd4 e5 16. Be3 O-O-O 17. Nb5 Kb8 18. Nxe7 Rxe7 19. Qd3 d5 20. Qa3 d4 21.
Bd2 a6 22. Qb3 Nxe4 23. Qd3 Nxd2 24. Qxd2 axb5 25. Qd3 Nb4 26. Qb3 Nd5 27. c3
d3 28. c4 bxc4 29. Qxc4 Nf4 30. g3 Ne2+ 31. Kh2 Qf5 32. Qc5 Qh5+ 33. Kg2 Re6
34. Qc4 Rg6 35. Rfd1 Nf4+ 36. Kf1 Qh1# 0-1

[Event "10. Lovsprings EMT Basis 3 1998"]
[Site "Ringsted"]
[Date "1998.03.20"]
[Round "2"]
[White "Abdi, Farhad"]
[Black "Karie, Abdullahi M"]
[Result "0-1"]
[WhiteElo "1006"]
[BlackElo "1093"]
[PlyCount "84"]
[EventDate "1998.??.??"]

1. e4 e6 2. Nf3 Be7 3. Bc4 Nf6 4. d3 Nc6 5. c3 a6 6. Bb3 e5 7. a3 d6 8. O-O Bg4
9. Nbd2 O-O 10. Re1 Qd7 11. Bc2 Nh5 12. h3 Bxf3 13. Nxf3 Nf4 14. d4 Ng6 15. d5
Na7 16. a4 c5 17. b3 b5 18. Qe2 Qb7 19. Bd3 Bd8 20. Ra3 Ba5 21. Qb2 b4 22. Ra2
bxc3 23. Qc2 Nc8 24. Ng5 h6 25. Nf3 Nb6 26. Be3 Rfc8 27. Bf1 Nf4 28. Rb1 Qe7
29. Ne1 Qf6 30. Nd3 Nxd3 31. Bxd3 c4 32. Be2 cxb3 33. Rxb3 Nd7 34. Rb7 Nc5 35.
Bxc5 Rxc5 36. Qd3 Qf4 37. Rb1 Rac8 38. Rc2 Bd8 39. Qxa6 Qxe4 40. Bd3 Qxd5 41.
Rb3 Qxb3 42. Qxd6 Qxa4 0-1

[Event "10. Lovsprings EMT Basis 3 1998"]
[Site "Ringsted"]
[Date "1998.03.20"]
[Round "2"]
[White "Christensen, Knud"]
[Black "Vintersfjord, Inette"]
[Result "1-0"]
[WhiteElo "1285"]
[BlackElo "1042"]
[PlyCount "75"]
[EventDate "1998.??.??"]

1. e4 e5 2. Nf3 Nc6 3. Bc4 Nf6 4. d3 Bc5 5. O-O Bd4 6. Ng5 O-O 7. c3 Bb6 8. Qf3
d6 9. Be3 Bg4 10. Qg3 Qd7 11. h3 Be6 12. Nxe6 Nh5 13. Qg4 g6 14. Nxf8 Qxg4 15.
hxg4 Kxf8 16. gxh5 gxh5 17. Bxb6 cxb6 18. f4 Nd8 19. fxe5 dxe5 20. Rf5 a6 21.
Rxh5 Kg7 22. Nd2 b5 23. Bd5 f6 24. a4 bxa4 25. Rxa4 Rb8 26. b4 Kg6 27. g4 Rc8
28. c4 Rc7 29. Nf3 Re7 30. Nh4+ Kg7 31. Nf5+ Kf8 32. Nxe7 Kxe7 33. Rxh7+ Ke8
34. Bxb7 Nxb7 35. Rxb7 Kd8 36. Rxa6 Kc8 37. Raa7 f5 38. gxf5 1-0

[Event "10. Lovsprings EMT Basis 3 1998"]
[Site "Ringsted"]
[Date "1998.03.20"]
[Round "2"]
[White "Dinesen, Henrik"]
[Black "Astrup, Knud"]
[Result "1/2-1/2"]
[WhiteElo "1117"]
[BlackElo "1243"]
[PlyCount "57"]
[EventDate "1998.??.??"]

1. d4 d5 2. c4 e5 3. dxe5 d4 4. Nf3 Nc6 5. a3 Be6 6. e3 dxe3 7. Qxd8+ Rxd8 8.
Bxe3 h6 9. Nbd2 Nge7 10. Bf4 Ng6 11. Bg3 Be7 12. h3 O-O 13. Rd1 Rd7 14. Be2
Rfd8 15. O-O a6 16. Rfe1 Nd4 17. Nxd4 Rxd4 18. Nf3 Rxd1 19. Rxd1 Rxd1+ 20. Bxd1
Bxc4 21. e6 c6 22. exf7+ Bxf7 23. Ne5 Nxe5 24. Bxe5 Bd5 25. f3 Kf7 26. Kf1 Bf6
27. Bxf6 Kxf6 28. Kf2 g5 29. g4 1/2-1/2

[Event "10. Lovsprings EMT Basis 3 1998"]
[Site "Ringsted"]
[Date "1998.03.20"]
[Round "2"]
[White "Hansen, Arne Mandrup"]
[Black "Rytter, Morten"]
[Result "1/2-1/2"]
[WhiteElo "1214"]
[BlackElo "1267"]
[PlyCount "57"]
[EventDate "1998.??.??"]

1. d4 d5 2. Bf4 Bf5 3. e3 Nf6 4. Nf3 e6 5. c4 Be7 6. h3 O-O 7. Nc3 c5 8. dxc5
dxc4 9. Bxc4 Bxc5 10. O-O Nbd7 11. Re1 Rc8 12. Bf1 Bb4 13. Rc1 Bxc3 14. Rxc3
Rxc3 15. bxc3 Qa5 16. Qb3 b6 17. Bd6 Rc8 18. Bb4 Qd5 19. c4 Qb7 20. Rc1 Nc5 21.
Qd1 Qc7 22. Qd4 Rd8 23. Qe5 Qxe5 24. Nxe5 Ncd7 25. Nxd7 Rxd7 26. c5 bxc5 27.
Rxc5 Rd8 28. Rc7 Nd5 29. Rb7 1/2-1/2

[Event "10. Lovsprings EMT Basis 3 1998"]
[Site "Ringsted"]
[Date "1998.03.20"]
[Round "2"]
[White "Hein, Jacob"]
[Black "Andersen, Jorgen"]
[Result "1-0"]
[WhiteElo "1285"]
[BlackElo "1057"]
[PlyCount "53"]
[EventDate "1998.??.??"]

1. d4 d5 2. c4 dxc4 3. Nc3 e6 4. Qa4+ Bd7 5. Qxc4 Nc6 6. Bf4 Bd6 7. Bxd6 cxd6
8. Nb5 Qe7 9. Nc7+ Kf8 10. Nxa8 Qd8 11. Nc7 Qxc7 12. Rc1 Nge7 13. b4 a6 14. e4
b5 15. Qb3 Qb6 16. Ne2 Nxd4 17. Qe3 e5 18. Nxd4 exd4 19. Qf3 Bc6 20. Bd3 Qb7
21. O-O Ng6 22. Qf5 Ne5 23. Bc2 d3 24. Bb3 Ke7 25. f4 Bxe4 26. Qg5+ f6 27.
Qxg7+ 1-0

[Event "10. Lovsprings EMT Basis 3 1998"]
[Site "Ringsted"]
[Date "1998.03.20"]
[Round "2"]
[White "Nielsen, Henning"]
[Black "Hansen, Steen J"]
[Result "1-0"]
[WhiteElo "1100"]
[BlackElo "1288"]
[PlyCount "97"]
[EventDate "1998.??.??"]

1. e4 e5 2. Bc4 Bc5 3. Bxf7+ Kxf7 4. Qh5+ Ke6 5. Qf5+ Kd6 6. Nf3 Qf6 7. g4 Nh6
8. Qxf6+ gxf6 9. d4 Bxd4 10. Nxd4 Nxg4 11. Nf5+ Ke6 12. h3 Nxf2 13. Kxf2 d5 14.
Ke3 dxe4 15. Kxe4 Rg8 16. Be3 Bd7 17. Nh6 Bc6+ 18. Kd3 Rd8+ 19. Kc4 Bxh1 20.
Nc3 Bd5+ 21. Nxd5 b5+ 22. Kxb5 Rxd5+ 23. Kc4 Nc6 24. b4 Rb8 25. a3 a5 26. c3
axb4 27. axb4 Rdb5 28. Ra6 Kd7 29. Ng4 f5 30. Nf6+ Kd6 31. Bc5+ Rxc5+ 32. bxc5+
Ke7 33. Rxc6 Kd8 34. Nxh7 Kd7 35. Rf6 f4 36. c6+ Ke7 37. Kd5 Rb5+ 38. Ke4 Ra5
39. Kd3 Ra1 40. Rh6 Rg1 41. h4 Rg3+ 42. Kd2 e4 43. Ng5 Rg2+ 44. Ke1 e3 45. Re6+
Kf8 46. Rf6+ Kg7 47. Rxf4 Kg6 48. Nf3 Rc2 49. c4 1-0

[Event "10. Lovsprings EMT Basis 3 1998"]
[Site "Ringsted"]
[Date "1998.03.20"]
[Round "2"]
[White "Nielsen, Poul"]
[Black "Nielsen, Henrik"]
[Result "0-1"]
[WhiteElo "1175"]
[BlackElo "1166"]
[PlyCount "70"]
[EventDate "1998.??.??"]

1. d4 d5 2. Bf4 Nf6 3. Nc3 a6 4. g3 e6 5. Bg2 Be7 6. Nf3 Nc6 7. a3 Nh5 8. Bd2
Bd6 9. e4 dxe4 10. Nxe4 Nf6 11. Bg5 Be7 12. Nxf6+ Bxf6 13. Be3 O-O 14. c3 Na5
15. Nd2 Rb8 16. b4 Nc6 17. Bxc6 bxc6 18. Ne4 Bb7 19. Qf3 Be7 20. Rd1 Qd5 21.
O-O c5 22. dxc5 Qxe4 23. Qxe4 Bxe4 24. Rd7 Bd8 25. Bf4 Rb7 26. c4 Bc6 27. Rd3
Be7 28. Rfd1 h6 29. h4 f6 30. Be3 e5 31. Rb3 Ba4 32. Rdb1 Bxb3 33. Rxb3 c6 34.
a4 Rfb8 35. f4 Rxb4 0-1

[Event "10. Lovsprings EMT Basis 3 1998"]
[Site "Ringsted"]
[Date "1998.03.20"]
[Round "2"]
[White "Reinager, Gunnar"]
[Black "Christensen, Michael"]
[Result "1-0"]
[WhiteElo "1283"]
[BlackElo "1189"]
[PlyCount "105"]
[EventDate "1998.??.??"]

1. e4 c5 2. Nf3 Nc6 3. b3 d6 4. Bb2 e6 5. d3 Be7 6. Bxg7 Bf6 7. Bxh8 Bxh8 8. c3
Bd7 9. a3 Qa5 10. Nfd2 Bxc3 11. Nxc3 Qxc3 12. Qc1 Qf6 13. Be2 Nd4 14. Rb1 Nh6
15. Nc4 Ke7 16. a4 b6 17. h3 e5 18. Ne3 Be6 19. Bd1 Rg8 20. g4 Kd7 21. Nf5
Ndxf5 22. exf5 Bd5 23. f3 Qh4+ 24. Kf1 Nxg4 25. Rb2 Nf6 26. Rg2 Rxg2 27. Kxg2
Nh5 28. Qe3 Nf4+ 29. Kf1 f6 30. Qf2 Qxf2+ 31. Kxf2 Nxd3+ 32. Ke3 Nc1 33. Rg1
Bxb3 34. Rg7+ Kc6 35. Bxb3 Nxb3 36. Rxa7 d5 37. Rxh7 d4+ 38. Kd3 Nc1+ 39. Kd2
Nb3+ 40. Kd3 b5 41. axb5+ Kxb5 42. Rb7+ Ka4 43. Rb6 Na5 44. h4 c4+ 45. Kc2 d3+
46. Kc3 Nb3 47. Rb4+ Ka3 48. Rxc4 d2 49. Kc2 Nd4+ 50. Rxd4 exd4 51. Kxd2 Kb4
52. Kd3 Kc5 53. h5 1-0

[Event "10. Lovsprings EMT Basis 3 1998"]
[Site "Ringsted"]
[Date "1998.03.20"]
[Round "2"]
[White "Vilsgaard, Lars"]
[Black "Petersen, Jimmy"]
[Result "1-0"]
[WhiteElo "1136"]
[BlackElo "1100"]
[PlyCount "99"]
[EventDate "1998.??.??"]

1. e4 c5 2. Nf3 d6 3. Bc4 Nc6 4. d3 Bg4 5. h3 Bh5 6. g4 Bg6 7. Nc3 e6 8. Bg5
Qb6 9. Rb1 h6 10. Bf4 Nf6 11. Qd2 a6 12. a3 Be7 13. Na4 Qd8 14. Nc3 d5 15. exd5
Nxd5 16. Nxd5 exd5 17. Ba2 O-O 18. O-O d4 19. Rfe1 Bd6 20. Re2 Qc7 21. Bxd6
Qxd6 22. Rbe1 h5 23. Qg5 hxg4 24. hxg4 Bh7 25. Kg2 Qg6 26. Qxg6 Bxg6 27. Ne5
Nxe5 28. Rxe5 Rac8 29. Rg5 Rc6 30. Ree5 Rfc8 31. Bd5 Rb6 32. b3 Kf8 33. Re1 Rd6
34. Bxb7 Rc7 35. Bf3 Rb6 36. Rge5 Rb8 37. Rh1 Kg8 38. Rhe1 Rcc8 39. Re7 Rb6 40.
Re8+ Rxe8 41. Rxe8+ Kh7 42. Rc8 Rb5 43. a4 Ra5 44. Ra8 Kh6 45. Bb7 Kg5 46. Kg3
f6 47. Rxa6 Rxa6 48. Bxa6 Be8 49. Bb5 Bf7 50. Bc6 1-0

[Event "10. Lovsprings EMT Basis 3 1998"]
[Site "Ringsted"]
[Date "1998.03.27"]
[Round "3"]
[White "Andersen, Jorgen"]
[Black "Nielsen, Henrik"]
[Result "1/2-1/2"]
[WhiteElo "1057"]
[BlackElo "1166"]
[PlyCount "116"]
[EventDate "1998.??.??"]

1. e4 e5 2. Nf3 d6 3. Bc4 Nf6 4. d3 h6 5. a3 Qe7 6. Nc3 a6 7. O-O Be6 8. Ba2
Qd7 9. Re1 Nc6 10. d4 exd4 11. Nxd4 Nxd4 12. Qxd4 c5 13. Qd3 Be7 14. Be3 Rd8
15. Bd5 Bxd5 16. exd5 O-O 17. Re2 Ng4 18. Rae1 Ne5 19. Qe4 Rfe8 20. Bf4 Ng6 21.
Qf3 Qf5 22. Qe4 Qxf4 23. Qxf4 Nxf4 24. Rxe7 Rxe7 25. Rxe7 Rb8 26. Re4 Ng6 27.
Kf1 Kf8 28. g3 Re8 29. Kg2 Ne5 30. b3 f5 31. Rf4 g6 32. Ne4 Nf7 33. Nc3 Re5 34.
h4 h5 35. b4 b6 36. a4 a5 37. bxa5 bxa5 38. Rf3 Re1 39. Re3 Rxe3 40. fxe3 Ne5
41. e4 fxe4 42. Nxe4 Ke7 43. Kf2 Nc4 44. Ke2 Nb6 45. Nc3 Kf6 46. Kf3 Ke5 47. g4
hxg4+ 48. Kxg4 Kf6 49. Kf4 Kg7 50. Ke4 Kf6 51. Kf4 Kf7 52. Ke4 Nd7 53. Kf4 Nf6
54. Kg5 Kg7 55. Nb5 Nxd5 56. Nxd6 Nc3 57. Nc4 Nxa4 58. Nxa5 Kf7 1/2-1/2

[Event "10. Lovsprings EMT Basis 3 1998"]
[Site "Ringsted"]
[Date "1998.03.27"]
[Round "3"]
[White "Christensen, Knud"]
[Black "Karie, Abdullahi M"]
[Result "0-1"]
[WhiteElo "1285"]
[BlackElo "1093"]
[PlyCount "114"]
[EventDate "1998.??.??"]

1. e4 e6 2. c4 d6 3. Be2 Nf6 4. d3 e5 5. Nc3 Nc6 6. Nf3 Be7 7. Be3 O-O 8. O-O
Nb4 9. a3 Na6 10. b4 c6 11. b5 cxb5 12. Nxb5 b6 13. Qc2 Bb7 14. Nd2 Nc5 15. Nc3
Ne6 16. Bf3 Nd7 17. Nd5 Bxd5 18. exd5 Nd4 19. Bxd4 exd4 20. Rfe1 Bf6 21. Ne4
Be5 22. Ng3 f5 23. Re2 Qf6 24. Rae1 g5 25. h3 Bxg3 26. Re6 Qd8 27. fxg3 Ne5 28.
Qd1 Rf6 29. Qe2 Qf8 30. Qd2 h6 31. Rf1 Kg7 32. Rxf6 Qxf6 33. Be4 Rf8 34. Rxf5
Qe7 35. Qf2 Rxf5 36. Qxf5 Kh8 37. Qf2 Nxc4 38. Qxd4+ Ne5 39. Qc3 Kg7 40. Qb2
Qf6 41. Qf2 Qe7 42. Qf5 Kh8 43. Qe6 Qxe6 44. dxe6 Kg7 45. g4 Kf6 46. Bf5 a5 47.
Kf1 Nc6 48. Ke2 Nd4+ 49. Kd2 Nxe6 50. Bxe6 Kxe6 51. Kc3 b5 52. g3 Ke5 53. Kb3
Kd4 54. Kc2 Ke3 55. h4 d5 56. Kc3 d4+ 57. Kc2 Ke2 0-1

[Event "10. Lovsprings EMT Basis 3 1998"]
[Site "Ringsted"]
[Date "1998.03.27"]
[Round "3"]
[White "Dinesen, Henrik"]
[Black "Nielsen, Poul"]
[Result "1-0"]
[WhiteElo "1117"]
[BlackElo "1175"]
[PlyCount "55"]
[EventDate "1998.??.??"]

1. d4 d5 2. c4 c6 3. e3 Nf6 4. Nc3 Bf5 5. Nf3 Qc7 6. cxd5 cxd5 7. Bd2 a6 8. Rc1
Qd8 9. Qa4+ Bd7 10. Qc2 Nc6 11. a3 e6 12. Bd3 Bd6 13. O-O Qb8 14. h3 h6 15. e4
e5 16. exd5 Nxd4 17. Nxd4 exd4 18. Rfe1+ Kd8 19. Ne4 Nxe4 20. Bxe4 Re8 21. Bf5
Bxf5 22. Qxf5 Rxe1+ 23. Bxe1 Ke7 24. Qe4+ Be5 25. f4 f6 26. fxe5 fxe5 27. Bb4+
Kf7 28. Rf1+ 1-0

[Event "10. Lovsprings EMT Basis 3 1998"]
[Site "Ringsted"]
[Date "1998.03.27"]
[Round "3"]
[White "Hansen, Steen J"]
[Black "Astrup, Knud"]
[Result "1-0"]
[WhiteElo "1288"]
[BlackElo "1243"]
[PlyCount "83"]
[EventDate "1998.??.??"]

1. d4 d5 2. c4 e5 3. dxe5 d4 4. Nf3 Nc6 5. a3 Bg4 6. Nbd2 Nge7 7. h3 Bxf3 8.
Nxf3 Ng6 9. Qa4 Qd7 10. e6 fxe6 11. Bg5 Be7 12. h4 O-O-O 13. Rd1 e5 14. g3 Kb8
15. Bh3 Qe8 16. c5 h6 17. Bxe7 Qxe7 18. h5 Nf8 19. O-O Ne6 20. b4 a6 21. Nh4
Nf8 22. Bg2 Na7 23. c6 Nb5 24. cxb7 Ka7 25. Qb3 Qe6 26. Qd3 c6 27. a4 Nc3 28.
Be4 Nxd1 29. Rxd1 Kxb7 30. b5 axb5 31. Qxb5+ Kc7 32. Qa5+ Kd6 33. Qb4+ Kd7 34.
Bf5 Rc8 35. Bxe6+ Nxe6 36. Nf5 c5 37. Qb5+ Kd8 38. Qb6+ Nc7 39. Qd6+ Ke8 40.
Qxe5+ Kf8 41. Qe7+ Kg8 42. Qxg7# 1-0

[Event "10. Lovsprings EMT Basis 3 1998"]
[Site "Ringsted"]
[Date "1998.03.27"]
[Round "3"]
[White "Nielsen, Henning"]
[Black "Hansen, Arne Mandrup"]
[Result "0-1"]
[WhiteElo "1100"]
[BlackElo "1214"]
[PlyCount "78"]
[EventDate "1998.??.??"]

1. e4 d5 2. e5 d4 3. d3 Qd5 4. Bf4 Bf5 5. h3 h6 6. Nf3 e6 7. a3 Nc6 8. Nbd2 g5
9. Bg3 Bg7 10. Qe2 Nge7 11. Nb3 Bh7 12. O-O-O a5 13. Kb1 a4 14. Nbd2 b5 15. Ka1
b4 16. Nc4 Nf5 17. Qe1 Bf8 18. Nfd2 Be7 19. Ne4 Kf8 20. Rb1 Nxg3 21. Nxg3 Bg6
22. f3 Kg7 23. h4 Rab8 24. h5 Bh7 25. Ne4 Na5 26. Nf6 Qa8 27. Nxa5 Qxa5 28.
Nxh7 Kxh7 29. Qe4+ Kg7 30. Qxd4 bxa3 31. c3 axb2+ 32. Rxb2 Rxb2 33. Kxb2 Rb8+
34. Ka2 a3 35. Be2 Rb2+ 36. Ka1 Rxe2 37. Rc1 a2 38. Qc4 Ba3 39. d4 Bb2# 0-1

[Event "10. Lovsprings EMT Basis 3 1998"]
[Site "Ringsted"]
[Date "1998.03.27"]
[Round "3"]
[White "Petersen, Jimmy"]
[Black "Christensen, Michael"]
[Result "1-0"]
[WhiteElo "1100"]
[BlackElo "1189"]
[PlyCount "43"]
[EventDate "1998.??.??"]

1. e4 e5 2. Nf3 Nc6 3. d4 exd4 4. Nxd4 Qf6 5. Be3 a6 6. c3 Nge7 7. Na3 Ng6 8.
Nac2 Bc5 9. Qd2 Nge5 10. f4 Nxd4 11. cxd4 Qh4+ 12. Bf2 Qe7 13. dxc5 Nc6 14. Bd3
b6 15. cxb6 cxb6 16. O-O Qf6 17. e5 Qh6 18. Ne3 Qxf4 19. Bg3 Qd4 20. Kh1 O-O
21. Rad1 Nxe5 22. Bxh7+ 1-0

[Event "10. Lovsprings EMT Basis 3 1998"]
[Site "Ringsted"]
[Date "1998.03.27"]
[Round "3"]
[White "Rytter, Morten"]
[Black "Vilsgaard, Lars"]
[Result "1-0"]
[WhiteElo "1267"]
[BlackElo "1136"]
[PlyCount "83"]
[EventDate "1998.??.??"]

1. e4 e5 2. Nf3 Nc6 3. Bb5 d6 4. O-O Bd7 5. d3 Nf6 6. Be3 Be7 7. c3 h6 8. h3
O-O 9. Nbd2 a6 10. Ba4 Qc8 11. Nh2 d5 12. exd5 Nxd5 13. Nhf3 Bd6 14. Nc4 b5 15.
Nxd6 cxd6 16. Bb3 Be6 17. a4 Nxe3 18. fxe3 Re8 19. axb5 axb5 20. Rxa8 Qxa8 21.
Bxe6 Rxe6 22. Qa1 Re8 23. Nd2 f6 24. Ne4 d5 25. Nd6 Rb8 26. Qxa8 Rxa8 27. Nxb5
Rb8 28. Nc7 Ne7 29. Rb1 Rc8 30. Nb5 Nf5 31. Kf2 Rc5 32. Na3 Kf7 33. d4 Rc6 34.
Nc2 e4 35. Nb4 Rd6 36. b3 Ne7 37. c4 dxc4 38. bxc4 Rb6 39. d5 Nc8 40. Ke2 Ke7
41. c5 Rb5 42. Nc6+ 1-0

[Event "10. Lovsprings EMT Basis 3 1998"]
[Site "Ringsted"]
[Date "1998.03.27"]
[Round "3"]
[White "Vintersfjord, Inette"]
[Black "Abdi, Farhad"]
[Result "0-1"]
[WhiteElo "1042"]
[BlackElo "1006"]
[PlyCount "70"]
[EventDate "1998.??.??"]

1. e4 e5 2. Bc4 d6 3. Nf3 Bg4 4. h3 Bh5 5. O-O Nf6 6. Be2 Be7 7. Ng5 Bg6 8. d3
Nc6 9. Nc3 a6 10. Nd5 Nd4 11. Nxe7 Qxe7 12. c3 Nxe2+ 13. Qxe2 O-O 14. Bd2 Nh5
15. Qg4 f5 16. exf5 Rxf5 17. Qc4+ Bf7 18. Qe4 Be6 19. Qxb7 Raf8 20. f3 Nf4 21.
Bxf4 Rxf4 22. Ne4 Rh4 23. Qxa6 d5 24. Nf2 Qf6 25. Ng4 Qf5 26. Qc6 h5 27. Nh2
Qg6 28. g4 Rxh3 29. Rae1 Kh7 30. Rxe5 Rf6 31. g5 Rg3+ 32. Kh1 Rxg5 33. Rxg5
Qxg5 34. Rg1 Qf4 35. Qxc7 Qxc7 0-1

[Event "10. Lovsprings EMT Basis 3 1998"]
[Site "Ringsted"]
[Date "1998.04.17"]
[Round "4"]
[White "Andersen, Jorgen"]
[Black "Nielsen, Henning"]
[Result "1-0"]
[WhiteElo "1057"]
[BlackElo "1100"]
[PlyCount "81"]
[EventDate "1998.??.??"]

1. e4 e5 2. Bc4 Nf6 3. d3 a6 4. Nf3 Nc6 5. a3 d6 6. h3 h6 7. Nc3 Bd7 8. Bd2 Be7
9. Qe2 Nd4 10. Qd1 c5 11. Be3 Qb6 12. Rb1 O-O 13. O-O Qc7 14. Bxd4 cxd4 15. Ne2
Nxe4 16. dxe4 Qxc4 17. Nd2 Qc7 18. b3 Rac8 19. Rc1 Bg5 20. f4 Bf6 21. Rf3 Qb6
22. Kh1 Bb5 23. a4 Bxe2 24. Qxe2 Qd8 25. Nf1 Rc3 26. Rxc3 dxc3 27. f5 Qc7 28.
Ng3 Kh7 29. Rd1 Bg5 30. Rd3 Rc8 31. Qg4 f6 32. Qh5 Kg8 33. Qd1 Rd8 34. Qg4 Kh8
35. Nh5 Rd7 36. h4 Bd2 37. Qg6 Qc6 38. Rg3 Qc7 39. Qe8+ Kh7 40. Nxf6+ gxf6 41.
Qg8# 1-0